La vida es ahora: los beneficios de mindfulness en el día a día

Kaydedildi:
Detaylı Bibliyografya
Asıl Yazarlar: Porter J., Bárbara (Yazar), Andrade N., Magdalena (Yazar)
Materyal Türü: Kitap
Dil:İspanyolca
Baskı/Yayın Bilgisi: Santiago El Mercurio Aguilar 2013
Edisyon:2a. ed
Konular:
Etiketler: Etiketle
Etiket eklenmemiş, İlk siz ekleyin!

MARC

LEADER 00000cam a2200000 a 4500
001 UCD6461
003 CL-VaPUC
008 161209e20131200cl |||||||||||||||||spa|d
020 |a 9789563476583 
082 0 4 |a 158.1  |b POR  |2 21 
100 0 |a Porter J., Bárbara  |e author  |9 590277 
700 0 |a Andrade N., Magdalena  |e author  |9 590278 
245 1 3 |a La vida es ahora: los beneficios de mindfulness en el día a día 
250 |a 2a. ed 
300 |a 388 p 
942 |c BK 
945 |d 20161209 23:21:00  |a arojas 
260 |a Santiago  |b El Mercurio Aguilar  |c 2013 
650 0 |a Conciencia  |9 309452 
650 0 |a Atención  |9 312027 
650 7 |a PSICOLOGIA POSITIVA  |2 CL-VaPUC  |9 538301 
583 |a last modification  |c 20161209 23:21:00  |k Rodrigo Vera 
999 |c 366776  |d 366774 
952 |0 0  |1 0  |3 erb  |4 0  |6 158_100000000000000_POR_2013  |7 0  |8 C  |9 481310  |a BIBCUR  |b BIBCUR  |i 5355052  |l 3  |m 1  |o 158.1 POR 2013  |p 5355052  |r 2025-04-22  |s 2024-10-17  |w 2019-11-24  |y BK  |z Catalogado en:20161209  |k CAC